000 01414 a2200385 4500
264 _aAnkara :
_bTOBB ETÜ Fen Bilimleri Enstitüsü,
_c2014.
999 _c200421169
_d38365
001 200421169
003 TR-AnTOB
005 20260210134042.0
008 150123s2014 tu 000 0
040 _aTR-AnTOB
_cTR-AnTOB
041 0 _atur
099 _aTEZ TOBB FBE BİL YL'14 ŞAH
100 1 _aŞahin, Uğur
_9103727
245 1 0 _aTrendden arındırılmış finans verileri üzerinde evrimsel algoritmalar ile salınım-tabanlı teknik analiz göstergelerinin parametre eniilemesi /
_cUğur Şahin.
300 _axv, 72 sayfa ;
_c29 cm.
502 _aTez (Yüksek Lisans)--TOBB ETÜ Fen Bilimleri Enstitüsü Aralık 2014
504 _aIncludes bibliographical references.
650 0 0 _aTezler, Akademik
_zTürkiye
_vSüreli yayınlar
_915848
650 0 0 _aDissertations, Academic
_zTurkey
_915846
653 _aParticle swarm optimization
653 _aGenetic algorithms
653 _aTrend normalization
653 _aTechnical analysis
653 _aStock market forecasting
653 _aParçacıksürü optimizasyonu
653 _aGenetik algoritmalar
653 _aTrend normalizasyonu
653 _aTeknik analiz
653 _aBorsa tahmini
710 2 _aTOBB Ekonomi ve Teknoloji Üniversitesi.
_bFen Bilimleri Enstitüsü
_977078
856 _ahttps://tez.yok.gov.tr/
942 _cTEZ
_2z